ESSENTIAL OF DENTAL RADIOLOGY (Record no. 2931)

MARC details
000 -LEADER
fixed length control field 00368nam a2200145Ia 4500
008 - FIXED-LENGTH DATA ELEMENTS--GENERAL INFORMATION
fixed length control field 150201s2003 xx 000 0 und d
082 ## - DEWEY DECIMAL CLASSIFICATION NUMBER
Classification number 616.0757
Item number E2003P
100 ## - MAIN ENTRY--PERSONAL NAME
Personal name PRAMOD ,JOHN.R.,
245 ## - TITLE STATEMENT
Title ESSENTIAL OF DENTAL RADIOLOGY
250 ## - EDITION STATEMENT
Edition statement 1ST
260 ## - PUBLICATION, DISTRIBUTION, ETC. (IMPRINT)
Name of publisher, distributor, etc. JAYPEE MEDICAL PUBLISHER
Place of publication, distribution, etc. DELHI
Date of publication, distribution, etc. 2003
300 ## - PHYSICAL DESCRIPTION
Extent 1-234
650 ## - SUBJECT ADDED ENTRY--TOPICAL TERM
Topical term or geographic name as entry element ORAL MEDICINE
942 ## - ADDED ENTRY ELEMENTS (KOHA)
Source of classification or shelving scheme Dewey Decimal Classification
Koha item type Books
Holdings
Withdrawn status Lost status Source of classification or shelving scheme Damaged status Not for loan Home library Current library Date acquired Source of acquisition Cost, normal purchase price Serial Enumeration / chronology SGTU Bill Number Total Checkouts Full call number Barcode Date last seen Bill Date Koha item type Date last checked out
    Dewey Decimal Classification     SGT Dental Library SGT Dental Library 15/05/2004 U.B.S.DELHI 200.00 1 SGTU 120   616.0757 E2003P FD1901 09/02/2015 12/03/2012 Books  
    Dewey Decimal Classification     SGT Dental Library SGT Dental Library 15/05/2004 U.B.S.DELHI 200.00 1 SGTU 120   616.0757 E2003P FD1902 16/05/2016 12/03/2012 Books  
    Dewey Decimal Classification     SGT Dental Library SGT Dental Library 15/05/2004 U.B.S.DELHI 200.00 1 SGTU 120   616.0757 E2003P FD1903 09/02/2015 12/03/2012 Books  
    Dewey Decimal Classification     SGT Dental Library SGT Dental Library 15/05/2004 U.B.S.DELHI 200.00 1 SGTU 120 1 616.0757 E2003P FD1904 15/10/2016 12/03/2012 Books 17/05/2016
    Dewey Decimal Classification     SGT Dental Library SGT Dental Library 15/05/2004 U.B.S.DELHI 200.00 1 SGTU 120 1 616.0757 E2003P FD1905 09/01/2016 12/03/2012 Books 29/10/2015